Introducción a la contabilidad financiera

Bibliographic Details
Main Author: Camacho Miñano, María del Mar
Format: Section = Libro
Language:Undetermined
Spanish
Published: España Pearson Prentice Hall 2010
Subjects:
LEADER 00618nam a2200217Ia 4500
008 240830s9999 xx 000 0 und d
020 |a 978-84-8322-675-9 
040 |a B-ESTELÍ- RUACS / 657.48 C172 
041 |a spa 
082 |a 657.48 C172 
100 1 |a Camacho Miñano, María del Mar 
245 1 0 |a Introducción a la contabilidad financiera 
260 |a España  |b Pearson Prentice Hall  |c 2010 
300 |a 396 p. 
650 7 |a CONTABILIDAD FINANCIERA 
650 7 |b  INFORMACION FINANCIERA 
650 7 |c  ESTADOS FINANCIEROS 
650 7 |d  REGISTROS CONTABLES 
942 |c BK  |2 ddc 
991 |a TEXTO 
999 |c 11408